Goblin - Tyler, The Creator - Statistics

General Stats
  • This quiz has been taken 16 times
  • The average score is 13 of 18
Answer Stats
Songs Plays Artists % Correct
She 686,214,827 Tyler, The Creator, Frank Ocean
100%
Goblin 34,296,901 Tyler, The Creator
93%
Her 31,103,190 Tyler, The Creator
93%
Fish 18,347,841 Tyler, The Creator
86%
Radicals 30,297,678 Tyler, The Creator
79%
Transylvania 21,065,101 Tyler, The Creator
79%
Tron Cat 56,950,736 Tyler, The Creator
79%
Yonkers 266,139,439 Tyler, The Creator
79%
B.S.D. 11,660,087 Tyler, The Creator, Jasper Dolphin, TACO
71%
Analog 24,218,161 Tyler, The Creator, Hodgy Beats
64%
AU79 8,295,603 Tyler, The Creator
64%
Golden 11,666,895 Tyler, The Creator
64%
Nightmare 22,481,000 Tyler, The Creator
64%
Sandwitches 25,371,581 Tyler, The Creator, Hodgy Beats
64%
Window 15,123,987 Tyler, The Creator, Domo Genesis, Frank Ocean, Hodgy Beats, Mike G
64%
Steak Sauce 8,523,327 Tyler, The Creator
57%
Untitled 63 8,184,584 Tyler, The Creator
57%
Burger 13,380,701 Tyler, The Creator, Hodgy Beats
50%
No matching quizzes found
Score Distribution
Percent of People with Each Score
Percentile by Number Answered
Your Score History
You have not taken this quiz